| 000 | 00735nam a22001577a 4500 | ||
|---|---|---|---|
| 003 | OSt | ||
| 005 | 20151008114354.0 | ||
| 008 | 150918b xxu||||| |||| 00| 0 eng d | ||
| 040 | _cRUA | ||
| 082 | _aAVM CHI 2007 B079 Or.1 | ||
| 100 |
_9809 _aCHIM SOPHEAK |
||
| 245 | _aEfficiency of agricultural improvement program on small scale chicken raissing in svay rieng province,(ប្រសិទ្ធភាពនៃកម្មវិធីកែលំអរប្រព័ន្ធកសិកម្មទៅលើការចិញ្ចឹមមាន់ជាលក្ខណះគ្រួសារ នៅខេត្តស្វាយរៀង) | ||
| 260 |
_aphnom penh _bRUA _c2005 |
||
| 300 |
_axi,54p. _cill. _g29cm. |
||
| 942 |
_2ddc _cAGR |
||
| 999 |
_c781 _d781 |
||